[Event "Warsaw YMCA Autumn-A 278th"]
[Site "Warsaw"]
[Date "2023.12.09"]
[Round "13"]
[White "Polak, Michal"]
[Black "Kaniak, Monika"]
[Result "1-0"]
[WhiteElo "1947"]
[BlackElo "1796"]
[PlyCount "67"]
[EventDate "2023.09.22"]
[EventType "tourn"]
[EventRounds "13"]
[EventCountry "POL"]
[SourceTitle "EXT 2025"]
[Source "ChessBase"]
[SourceDate "2024.10.14"]
[SourceVersion "1"]
[SourceVersionDate "2024.10.14"]
[SourceQuality "1"]

1. e4 g6 2. d4 Bg7 3. Nf3 d6 4. Bd3 Nf6 5. c3 0-0 6. Be3 Nbd7 7. Nbd2 c5 8. h3 Rb8 9. a4 b6 10. 0-0 Bb7 11. d5 Nh5 12. g4 Nhf6 13. a5 h5 14. g5 Ne8 15. a6 Bc8 16. Kh2 Ne5 17. Nxe5 dxe5 18. f4 exf4 19. Bxf4 Nc7 20. Qf3 e5 21. Be3 Qe7 22. Qg3 Bd7 23. Rf3 Rbd8 24. Nc4 Nb5 25. Raf1 Nd6 26. Rf6 Nxc4 27. Bxc4 Be8 28. Rxg6 b5 29. Ba2 c4 30. Rh6 Qc7 31. Rxh5 Rd6 32. Rf6 Qd8 33. Rhh6 Rd7 34. Qg4 1-0

[Event "Warsaw YMCA Autumn-A 278th"]
[Site "Warsaw"]
[Date "2023.11.09"]
[Round "8"]
[White "Kaniak, Monika"]
[Black "Choroszej, Aleksander"]
[Result "0-1"]
[WhiteElo "1796"]
[BlackElo "1878"]
[PlyCount "70"]
[EventDate "2023.09.22"]
[EventType "tourn"]
[EventRounds "13"]
[EventCountry "POL"]
[SourceTitle "EXT 2025"]
[Source "ChessBase"]
[SourceDate "2024.10.14"]
[SourceVersion "1"]
[SourceVersionDate "2024.10.14"]
[SourceQuality "1"]

1. d4 g6 2. c4 Bg7 3. Nc3 d6 4. e4 Nf6 5. Be2 0-0 6. Nf3 e5 7. 0-0 Nc6 8. d5 Ne7 9. b4 Nh5 10. Rb1 f5 11. Ng5 Nf6 12. Bd3 h6 13. Nf3 f4 14. c5 g5 15. Qb3 Ng6 16. a4 g4 17. Ne1 Kh8 18. g3 h5 19. Ng2 Nh7 20. Nb5 Ng5 21. gxf4 exf4 22. Bb2 Nf3+ 23. Kh1 Be5 24. Bxe5+ Ngxe5 25. Qc3 a6 26. Nd4 Qf6 27. Nxf3 gxf3 28. Ne1 Rf7 29. Bc2 Bg4 30. Bd1 Rg8 31. Rg1 Kh7 32. Nd3 Bh3 33. Rxg8 Kxg8 34. Ne1 Qg6 35. Bxf3 Rg7 0-1

[Event "Warsaw YMCA Autumn-A 278th"]
[Site "Warsaw"]
[Date "2023.10.26"]
[Round "6"]
[White "Kaniak, Monika"]
[Black "Basiaga, Sebastian"]
[Result "1/2-1/2"]
[WhiteElo "1796"]
[BlackElo "1856"]
[PlyCount "48"]
[EventDate "2023.09.22"]
[EventType "tourn"]
[EventRounds "13"]
[EventCountry "POL"]
[SourceTitle "EXT 2025"]
[Source "ChessBase"]
[SourceDate "2024.10.14"]
[SourceVersion "1"]
[SourceVersionDate "2024.10.14"]
[SourceQuality "1"]

1. d4 d5 2. Nf3 Nf6 3. c4 c6 4. Nc3 e6 5. Bg5 dxc4 6. a4 Bb4 7. Bxf6 Qxf6 8. e3 b5 9. Be2 Bxc3+ 10. bxc3 Nd7 11. 0-0 0-0 12. Qb1 a6 13. Nd2 Rb8 14. f4 Bb7 15. Bf3 c5 16. Bxb7 Rxb7 17. Nxc4 cxd4 18. cxd4 Rfb8 19. axb5 axb5 20. Ne5 Nxe5 21. fxe5 Qg6 22. Qb3 h6 23. Rab1 Rc7 24. Rb2 Rbb7 1/2-1/2

[Event "POL-chT 2nd League"]
[Site "Jastrzebia Gora"]
[Date "2023.09.09"]
[Round "8.54"]
[White "Kaniak, Monika"]
[Black "Owczarek, Monika"]
[Result "1-0"]
[WhiteElo "1796"]
[BlackElo "1544"]
[PlyCount "83"]
[EventDate "2023.09.02"]
[EventType "team-swiss"]
[EventRounds "9"]
[EventCountry "POL"]
[SourceTitle "CBM 216 Extra"]
[Source "ChessBase"]
[SourceDate "2023.11.30"]
[SourceVersion "1"]
[SourceVersionDate "2023.11.30"]
[SourceQuality "1"]
[WhiteTeam "Warszawa Mogalo"]
[BlackTeam "Wisznia Mala Bialy Krol"]
[WhiteTeamCountry "POL"]
[BlackTeamCountry "POL"]

1. d4 d5 2. Nf3 e6 3. c4 h6 4. Nc3 Nf6 5. Bf4 Bd6 6. Bxd6 Qxd6 7. c5 Qe7 8. Ne5 0-0 9. e3 a6 10. b4 Nc6 11. Nxc6 bxc6 12. f4 Nd7 13. Bd3 f6 14. 0-0 e5 15. Qd2 e4 16. Be2 f5 17. a4 g5 18. b5 Bb7 19. Qb2 Rfb8 20. fxg5 Qxg5 21. Rf4 h5 22. Raf1 axb5 23. axb5 Rf8 24. Qb3 h4 25. bxc6 Bxc6 26. Nxd5 Kh8 27. Nxc7 Rg8 28. R4f2 Rab8 29. Qe6 Rg6 30. Qxf5 Qxf5 31. Rxf5 Rb2 32. R5f2 Rb3 33. d5 Ba4 34. Bd1 Rb4 35. Bxa4 Rxa4 36. c6 Ne5 37. Ne6 Ng4 38. Rf4 Ra3 39. h3 Nh6 40. Rxe4 Rd3 41. Nf4 Rg7 42. Nxd3 1-0

[Event "POL-chT 2nd League"]
[Site "Jastrzebia Gora"]
[Date "2023.09.02"]
[Round "1.48"]
[White "Kaniak, Monika"]
[Black "Pietrzak, Emilia"]
[Result "1-0"]
[WhiteElo "1796"]
[BlackElo "1671"]
[PlyCount "55"]
[EventDate "2023.09.02"]
[EventType "team-swiss"]
[EventRounds "9"]
[EventCountry "POL"]
[SourceTitle "CBM 216 Extra"]
[Source "ChessBase"]
[SourceDate "2023.11.30"]
[SourceVersion "1"]
[SourceVersionDate "2023.11.30"]
[SourceQuality "1"]
[WhiteTeam "Warszawa Mogalo"]
[BlackTeam "Nysa Gekon"]
[WhiteTeamCountry "POL"]
[BlackTeamCountry "POL"]

1. d4 d5 2. Nf3 Nf6 3. c4 e6 4. Nc3 Be7 5. Bg5 0-0 6. e3 h6 7. Bh4 b6 8. Bd3 c5 9. 0-0 Bb7 10. Qe2 Ne4 11. Bg3 Nxg3 12. hxg3 Nd7 13. Rfd1 Rc8 14. cxd5 exd5 15. Ba6 Qc7 16. dxc5 Bxa6 17. Qxa6 Nxc5 18. Qe2 Qb8 19. Nxd5 Bd6 20. Nd4 g6 21. Qg4 Kh8 22. b4 Na4 23. Qh4 Kg7 24. Qf6+ Kh7 25. f4 a6 26. Kh2 b5 27. Rh1 Nb6 28. Nf5 1-0

[Event "POL-chT 2nd League"]
[Site "Sypniewo"]
[Date "2021.09.09"]
[Round "6.2"]
[White "Horbacz, Agata"]
[Black "Kaniak, Monika"]
[Result "0-1"]
[WhiteElo "1746"]
[BlackElo "1830"]
[PlyCount "74"]
[EventDate "2021.09.04"]
[EventType "team-swiss"]
[EventRounds "9"]
[EventCountry "POL"]
[SourceTitle "CBM 204 Extra"]
[Source "ChessBase"]
[SourceDate "2021.11.30"]
[SourceVersion "1"]
[SourceVersionDate "2021.11.30"]
[SourceQuality "1"]
[WhiteTeam "Lublin Drakon SKOK Chmielewskiego"]
[BlackTeam "Warszawa Mogalo"]
[WhiteTeamCountry "POL"]
[BlackTeamCountry "POL"]

1. c4 e5 2. Nc3 Nf6 3. g3 d5 4. cxd5 Nxd5 5. Bg2 Nb6 6. d3 Be7 7. e4 Nc6 8. a3 Be6 9. Nge2 Qd7 10. Be3 Rd8 11. Nc1 0-0 12. 0-0 Nd4 13. Bxd4 Qxd4 14. Qc2 Nd7 15. b4 Nf6 16. Rb1 a6 17. N3e2 Qb6 18. Kh1 c6 19. Nc3 Rd6 20. Na4 Qa7 21. Qc5 Qxc5 22. Nxc5 Bc8 23. f4 Ng4 24. Bf3 exf4 25. Bxg4 Bxg4 26. Nxb7 Rh6 27. Rxf4 f5 28. Nc5 Bd6 29. Nd7 Bxf4 30. gxf4 Bf3+ 31. Kg1 Rd8 32. Ne5 fxe4 33. Nxf3 exf3 34. Rb2 Rh4 35. Rc2 Rd6 36. Rc4 Rg6+ 37. Kf2 Rh3 0-1

[Event "Polanica Zdroj op-B 44th"]
[Site "Polanica Zdroj"]
[Date "2008.08.26"]
[Round "8"]
[White "Budzinski, Jan"]
[Black "Kaniak, Monika"]
[Result "0-1"]
[WhiteElo "1866"]
[BlackElo "1975"]
[PlyCount "48"]
[EventDate "2008.08.19"]
[EventType "swiss"]
[EventRounds "10"]
[EventCountry "POL"]
[SourceTitle "CBM 126 Extra"]
[Source "ChessBase"]
[SourceDate "2008.11.05"]
[SourceVersion "1"]
[SourceVersionDate "2008.11.05"]
[SourceQuality "1"]

1. e4 e6 2. d4 d5 3. Nd2 Nf6 4. e5 Nfd7 5. Bd3 c5 6. c3 Nc6 7. Ne2 cxd4 8. cxd4 f6 9. exf6 Nxf6 10. Nf3 Bd6 11. 0-0 Qc7 12. g3 0-0 13. Re1 Bd7 14. Nf4 Rae8 15. Bb1 Kh8 16. Ng5 e5 17. dxe5 Nxe5 18. Bd2 Bg4 19. f3 Nxf3+ 20. Nxf3 Rxe1+ 21. Qxe1 Bxf3 22. Ne6 Qb6+ 23. Be3 Qxb2 24. Qf2 Qxa1 0-1

[Event "Warsaw Najdorf Memorial op-B"]
[Site "Warsaw"]
[Date "2008.08.03"]
[Round "2"]
[White "Kaniak, Monika"]
[Black "Malec, Sebastian"]
[Result "0-1"]
[WhiteElo "1975"]
[BlackElo "1798"]
[PlyCount "80"]
[EventDate "2008.08.02"]
[EventType "swiss"]
[EventRounds "9"]
[EventCountry "POL"]
[SourceTitle "CBM 126 Extra"]
[Source "ChessBase"]
[SourceDate "2008.11.05"]
[SourceVersion "1"]
[SourceVersionDate "2008.11.05"]
[SourceQuality "1"]

1. d4 d5 2. c4 e6 3. Nc3 c6 4. Nf3 dxc4 5. e4 b5 6. e5 Bb4 7. Bd2 Bxc3 8. Bxc3 Ne7 9. Be2 Nd5 10. 0-0 0-0 11. Bd2 Nd7 12. Ng5 h6 13. Ne4 Qb6 14. Be3 f5 15. exf6 N7xf6 16. Nxf6+ Rxf6 17. Qd2 Bd7 18. g4 Nxe3 19. Qxe3 e5 20. Rad1 exd4 21. Qxd4 Qxd4 22. Rxd4 Be6 23. Kg2 Bd5+ 24. Kg3 Re8 25. Bd1 g5 26. h4 c3 27. bxc3 Bxa2 28. hxg5 hxg5 29. Rh1 Bd5 30. Rh5 Re5 31. Rd2 Bf7 32. Rd8+ Kg7 33. Rhh8 Rc5 34. f3 Rxc3 35. Be2 Re6 36. Rh2 Rc2 37. Bd3 Rxh2 38. Kxh2 a5 39. Bf5 Re2+ 40. Kg3 a4 0-1

[Event "POL-ch sf (Women)"]
[Site "Chotowa"]
[Date "2007.11.03"]
[Round "1"]
[White "Tarnowska, Aleksandra"]
[Black "Kaniak, Monika"]
[Result "0-1"]
[WhiteElo "1704"]
[BlackElo "1950"]
[PlyCount "82"]
[EventDate "2007.11.03"]
[EventType "swiss"]
[EventRounds "9"]
[EventCountry "POL"]
[SourceTitle "EXT 2010"]
[Source "ChessBase"]
[SourceDate "2010.11.25"]
[SourceVersion "1"]
[SourceVersionDate "2010.11.25"]
[SourceQuality "1"]

1. e4 e6 2. d4 d5 3. Nd2 Nf6 4. e5 Nfd7 5. Bd3 c5 6. c3 Na6 7. Ne2 cxd4 8. cxd4 f6 9. exf6 Nxf6 10. Nf3 Bd6 11. 0-0 Qc7 12. Be3 0-0 13. h3 Nh5 14. Qc2 Nf6 15. Ng5 g6 16. Nf3 Nb4 17. Qd2 Nxd3 18. Qxd3 Qg7 19. Rac1 Bd7 20. Bf4 Bxf4 21. Nxf4 g5 22. Ne2 g4 23. hxg4 Nxg4 24. Rc7 Rf7 25. Nh2 Nxh2 26. Kxh2 b6 27. Ng3 Bb5 28. Qxb5 Rxc7 29. Re1 Qh6+ 30. Kg1 Rac8 31. Qe2 Rc1 32. Qg4+ Qg6 33. Qe2 R8c2 34. Qe3 Rxe1+ 35. Qxe1 Rxb2 36. Qe5 Rb1+ 37. Nf1 Qg4 38. Qb8+ Kf7 39. Qc7+ Kg6 40. Qc8 Rxf1+ 41. Kxf1 Qd1# 0-1

[Event "EU-ch U18 Girls 17th"]
[Site "Sibenik"]
[Date "2007.09.19"]
[Round "6"]
[White "Kaniak, Monika"]
[Black "Nadvesnik, Maja"]
[Result "1-0"]
[WhiteElo "1950"]
[BlackElo "1791"]
[PlyCount "119"]
[EventDate "2007.09.14"]
[EventType "swiss"]
[EventRounds "9"]
[EventCountry "CRO"]
[SourceTitle "CBM 120 Extra"]
[Source "ChessBase"]
[SourceDate "2007.11.01"]
[SourceVersion "1"]
[SourceVersionDate "2007.11.01"]
[SourceQuality "1"]

1. d4 Nf6 2. c4 c5 3. Nf3 cxd4 4. Nxd4 e5 5. Nb5 d5 6. cxd5 Bc5 7. e3 0-0 8. N5c3 Re8 9. Be2 e4 10. a3 Bf5 11. b4 Bd6 12. Bb2 h6 13. Nd2 Be5 14. Qb3 Nbd7 15. Nc4 Nb6 16. Nxe5 Rxe5 17. 0-0 Nfxd5 18. Nb5 Re8 19. Nd4 Bd7 20. a4 Qg5 21. Kh1 Nf6 22. a5 Nbd5 23. Bc4 Rad8 24. Rad1 Bg4 25. Ne2 Bh5 26. Rd4 Ne7 27. Ng3 Bg6 28. Rfd1 Rxd4 29. Bxd4 Nc6 30. Kg1 Nxd4 31. Rxd4 b5 32. axb6 axb6 33. h3 h5 34. b5 h4 35. Ne2 Ra8 36. Nf4 Ra1+ 37. Rd1 Rxd1+ 38. Qxd1 Kh7 39. Qd4 Qc5 40. Qxc5 bxc5 41. b6 Nd7 42. b7 Kh6 43. Bd5 Kg5 44. Nxg6 Kxg6 45. Bxe4+ Kf6 46. Kf1 Ke5 47. Bc6 Nb8 48. Bf3 c4 49. Ke2 Kd6 50. Kd2 Kc5 51. Kc3 g5 52. Be4 f6 53. g4 Nd7 54. f4 Nb8 55. fxg5 fxg5 56. Bg2 Nd7 57. e4 Nb8 58. e5 Na6 59. e6 Kd6 60. Bf1 1-0

[Event "EU-ch U18 Girls 17th"]
[Site "Sibenik"]
[Date "2007.09.16"]
[Round "3"]
[White "Altunkeser, Gozde Deniz"]
[Black "Kaniak, Monika"]
[Result "0-1"]
[WhiteElo "1913"]
[BlackElo "1950"]
[PlyCount "90"]
[EventDate "2007.09.14"]
[EventType "swiss"]
[EventRounds "9"]
[EventCountry "CRO"]
[SourceTitle "CBM 120 Extra"]
[Source "ChessBase"]
[SourceDate "2007.11.01"]
[SourceVersion "1"]
[SourceVersionDate "2007.11.01"]
[SourceQuality "1"]

1. e4 e6 2. d4 d5 3. e5 c5 4. c3 Nc6 5. Nf3 Bd7 6. a3 f6 7. exf6 Nxf6 8. Bd3 cxd4 9. cxd4 Bd6 10. Nc3 a6 11. Bg5 0-0 12. 0-0 Qc7 13. Bh4 Rae8 14. Rc1 Bf4 15. Rc2 g6 16. Ne2 Bh6 17. Re1 Qb6 18. Bg3 Nh5 19. b4 Nxg3 20. hxg3 e5 21. dxe5 Nxe5 22. Rc5 Rxf3 23. gxf3 Nxf3+ 24. Kg2 Nxe1+ 25. Qxe1 Qe6 26. Qh1 Bf8 27. Nf4 Qe5 28. Rc2 Qg7 29. Be2 Bf5 30. Rd2 Qc3 31. Qd1 Bh6 32. Rd4 Bg7 33. Rd2 Qxa3 34. Nxd5 Be4+ 35. Kg1 Bxd5 36. Rxd5 Qxb4 37. Rd8 Kf8 38. Rd7 Bf6 39. Qd5 Re7 40. Rd8+ Kg7 41. Rg8+ Kh6 42. Qh1+ Bh4 43. Bf1 Re4 44. Rd8 Kg7 45. g4 Rxg4+ 0-1

[Event "Rewal op-B 12th"]
[Site "Rewal"]
[Date "2007.08.29"]
[Round "8"]
[White "Wisniowska, Klaudia"]
[Black "Kaniak, Monika"]
[Result "0-1"]
[WhiteElo "1846"]
[BlackElo "1950"]
[PlyCount "86"]
[EventDate "2007.08.23"]
[EventType "swiss"]
[EventRounds "9"]
[EventCountry "POL"]
[SourceTitle "CBM 120 Extra"]
[Source "ChessBase"]
[SourceDate "2007.11.01"]
[SourceVersion "1"]
[SourceVersionDate "2007.11.01"]
[SourceQuality "1"]

1. e4 e6 2. d4 d5 3. Nc3 Nf6 4. e5 Nfd7 5. f4 c5 6. Nf3 Nc6 7. Be3 a6 8. Qd2 b5 9. a3 Qc7 10. Ne2 Be7 11. g3 a5 12. Bh3 h6 13. 0-0 Ba6 14. Rfd1 Rc8 15. c3 Nd8 16. dxc5 Bxc5 17. Ned4 Rb8 18. Kh1 0-0 19. Qg2 Bc8 20. g4 g6 21. Qg3 Kg7 22. f5 Bxd4 23. Rxd4 Rh8 24. fxg6 fxg6 25. Rf1 Nc6 26. Rd2 b4 27. Rdf2 Ba6 28. Rd1 bxc3 29. bxc3 Rbe8 30. g5 h5 31. Nd4 Nxd4 32. cxd4 h4 33. Qg4 Qc3 34. Bd2 Qxa3 35. Rc1 Re7 36. Rf6 Bd3 37. Rxe6 Bf5 38. Rxe7+ Qxe7 39. Qe2 Bxh3 40. Bxa5 Qxg5 41. Rg1 Qf4 42. Bd2 Qf7 43. Qe3 Bf5 0-1

[Event "Rewal op-B 12th"]
[Site "Rewal"]
[Date "2007.08.23"]
[Round "2"]
[White "Grygierczyk, Wojciech"]
[Black "Kaniak, Monika"]
[Result "0-1"]
[WhiteElo "1808"]
[BlackElo "1950"]
[PlyCount "86"]
[EventDate "2007.08.23"]
[EventType "swiss"]
[EventRounds "9"]
[EventCountry "POL"]
[SourceTitle "CBM 120 Extra"]
[Source "ChessBase"]
[SourceDate "2007.11.01"]
[SourceVersion "1"]
[SourceVersionDate "2007.11.01"]
[SourceQuality "1"]

1. d4 d5 2. c4 e6 3. cxd5 exd5 4. Nc3 Nf6 5. Bg5 Be7 6. e3 Bf5 7. Qb3 Nbd7 8. Nf3 Nb6 9. Be2 0-0 10. 0-0 c6 11. Rac1 Re8 12. Na4 Bg4 13. Nc5 Rb8 14. Qa3 a6 15. Bf4 Ne4 16. Bxb8 Qxb8 17. Qb4 Qc7 18. Qe1 Bd6 19. h3 Bc8 20. Bd3 Qe7 21. b4 Bb8 22. Nd2 Bf5 23. Qe2 Qc7 24. f4 Ng3 25. Qf3 Nxf1 26. Nxf1 Bxd3 27. Nxd3 Nc4 28. Re1 Ba7 29. Nc5 a5 30. f5 axb4 31. f6 Bxc5 32. dxc5 g6 33. Rb1 Qa5 34. Qf4 Qxc5 35. Qh6 Qf8 36. Qf4 Qd6 37. Qxd6 Nxd6 38. Rxb4 Re6 39. Nh2 Rxf6 40. Ra4 Re6 41. Kf2 Nc4 42. Nf1 b5 43. Ra8+ Kg7 0-1

[Event "Najdorf Memorial op-B"]
[Site "Grodzisk Mazowiecki"]
[Date "2007.07.27"]
[Round "8"]
[White "Kowalska, Elzbieta"]
[Black "Kaniak, Monika"]
[Result "0-1"]
[WhiteElo "1975"]
[BlackElo "1950"]
[PlyCount "104"]
[EventDate "2007.07.20"]
[EventType "swiss"]
[EventRounds "9"]
[EventCountry "POL"]
[SourceTitle "EXT 2008"]
[Source "ChessBase"]
[SourceDate "2007.11.25"]
[SourceVersion "1"]
[SourceVersionDate "2007.11.25"]
[SourceQuality "1"]

1. e4 e6 2. d4 d5 3. e5 c5 4. c3 Nc6 5. Nf3 Bd7 6. dxc5 Bxc5 7. Bd3 a6 8. 0-0 Nge7 9. b4 Bb6 10. Bd2 Ng6 11. Re1 0-0 12. c4 dxc4 13. Bxc4 Rc8 14. Bc3 Ncxe5 15. Nxe5 Nxe5 16. Bxa6 bxa6 17. Bxe5 Bc6 18. Qg4 g6 19. Rd1 Qe7 20. Na3 h5 21. Qf4 g5 22. Bf6 gxf4 23. Bxe7 Rfe8 24. Bc5 Bxc5 25. bxc5 Bd5 26. Rdc1 Rc6 27. Rc2 Rec8 28. Rac1 e5 29. f3 Be6 30. g3 fxg3 31. hxg3 Kg7 32. Kf2 Kg6 33. Ke3 Kg5 34. f4+ exf4+ 35. gxf4+ Kf6 36. Kd4 Rd8+ 37. Ke3 Bf5 38. Rc3 Rd5 39. Nb1 Bg4 40. Kf2 Kf5 41. Kg3 Rd4 42. Rf1 a5 43. Rf2 a4 44. Na3 h4+ 45. Kh2 Rxf4 46. Rxf4+ Kxf4 47. Rc4+ Kg5 48. Rxa4 Rxc5 49. Rc4 Ra5 50. Rc3 Be6 51. Rf3 Bxa2 52. Rc3 Be6 0-1

[Event "Najdorf Memorial op-B"]
[Site "Grodzisk Mazowiecki"]
[Date "2007.07.25"]
[Round "6"]
[White "Kaniak, Monika"]
[Black "Borowicz, Miroslaw"]
[Result "0-1"]
[WhiteElo "1950"]
[BlackElo "1929"]
[PlyCount "70"]
[EventDate "2007.07.20"]
[EventType "swiss"]
[EventRounds "9"]
[EventCountry "POL"]
[SourceTitle "EXT 2008"]
[Source "ChessBase"]
[SourceDate "2007.11.25"]
[SourceVersion "1"]
[SourceVersionDate "2007.11.25"]
[SourceQuality "1"]

1. d4 Nf6 2. c4 e6 3. Nc3 d5 4. Nf3 Nbd7 5. Bg5 Be7 6. e3 0-0 7. Bd3 dxc4 8. Bxc4 b6 9. 0-0 Bb7 10. Rc1 c5 11. Re1 Rc8 12. Bd3 cxd4 13. Nxd4 Nc5 14. Bb1 Nfe4 15. Bxe7 Qxe7 16. f3 Nd6 17. e4 e5 18. Nb3 Rfd8 19. Nd5 Bxd5 20. exd5 Ndb7 21. Nxc5 Nxc5 22. f4 f6 23. fxe5 fxe5 24. Qh5 e4 25. b4 Nb7 26. Bxe4 g6 27. Qd1 Rxc1 28. Qxc1 Qxb4 29. Bf3 Qc5+ 30. Qxc5 Nxc5 31. Re7 Rd7 32. Re3 Kf7 33. Kf2 Re7 34. Ra3 Kf6 35. Bg4 Ke5 0-1

[Event "Najdorf Memorial op-B"]
[Site "Grodzisk Mazowiecki"]
[Date "2007.07.24"]
[Round "5"]
[White "Plichta, Kamil"]
[Black "Kaniak, Monika"]
[Result "0-1"]
[WhiteElo "1963"]
[BlackElo "1950"]
[PlyCount "60"]
[EventDate "2007.07.20"]
[EventType "swiss"]
[EventRounds "9"]
[EventCountry "POL"]
[SourceTitle "EXT 2008"]
[Source "ChessBase"]
[SourceDate "2007.11.25"]
[SourceVersion "1"]
[SourceVersionDate "2007.11.25"]
[SourceQuality "1"]

1. d4 Nf6 2. c4 c5 3. d5 e6 4. Nc3 exd5 5. cxd5 d6 6. e4 g6 7. f4 Bg7 8. Nf3 0-0 9. Be2 Bg4 10. 0-0 Re8 11. e5 dxe5 12. fxe5 Bxf3 13. Bxf3 Rxe5 14. Bf4 Re8 15. Nb5 Ne4 16. Re1 Qb6 17. Nc7 c4+ 18. Re3 Bd4 19. Qxd4 Qxd4 20. Rd1 Nd2 21. Rxd2 Qxf4 22. Rxe8+ Kg7 23. Rd1 Qxc7 24. d6 Qb6+ 25. Kh1 Qxb2 26. d7 Nxd7 27. Rxa8 Ne5 28. Bd5 c3 29. Rc8 c2 30. Rf1 Nc6 0-1

[Event "POL-ch U18 Girls"]
[Site "Leba"]
[Date "2007.04.01"]
[Round "11"]
[White "Kacprzyk, Kaja"]
[Black "Kaniak, Monika"]
[Result "0-1"]
[WhiteElo "1742"]
[BlackElo "1983"]
[PlyCount "80"]
[EventDate "2007.03.24"]
[EventType "swiss"]
[EventRounds "11"]
[EventCountry "POL"]
[SourceTitle "EXT 2011"]
[Source "ChessBase"]
[SourceDate "2010.11.26"]
[SourceVersion "1"]
[SourceVersionDate "2010.11.26"]
[SourceQuality "1"]

1. e4 e6 2. Qe2 c5 3. f4 Nc6 4. Nf3 Nf6 5. d3 d5 6. e5 Nd7 7. Nc3 a6 8. g3 b5 9. Bg2 Bb7 10. 0-0 Be7 11. Bd2 Qc7 12. h3 0-0 13. a3 Nb6 14. g4 Rae8 15. Qf2 Nd4 16. Rac1 Nxf3+ 17. Bxf3 f6 18. Qg3 Nd7 19. Rce1 b4 20. Nd1 a5 21. Kh1 Rf7 22. exf6 Bxf6 23. Qg2 Nb6 24. f5 e5 25. g5 Bd8 26. Ne3 e4 27. Bh5 exd3 28. Bxf7+ Qxf7 29. g6 Qd7 30. gxh7+ Kh8 31. Kg1 d4 32. Qg6 dxe3 33. Bxe3 Rf8 34. Bf4 Qd5 35. Kh2 Nd7 36. Rg1 Bf6 37. Re7 Qd4 38. Be3 Qd6+ 39. Qg3 Qxe7 40. cxd3 Be5 0-1

[Event "POL-ch U18 Girls"]
[Site "Leba"]
[Date "2007.03.27"]
[Round "6"]
[White "Kaniak, Monika"]
[Black "Makosa, Sylwia"]
[Result "0-1"]
[WhiteElo "1983"]
[BlackElo "1864"]
[PlyCount "116"]
[EventDate "2007.03.24"]
[EventType "swiss"]
[EventRounds "11"]
[EventCountry "POL"]
[SourceTitle "EXT 2011"]
[Source "ChessBase"]
[SourceDate "2010.11.26"]
[SourceVersion "1"]
[SourceVersionDate "2010.11.26"]
[SourceQuality "1"]

1. d4 Nf6 2. c4 g6 3. Nc3 d5 4. cxd5 Nxd5 5. e4 Nxc3 6. bxc3 Bg7 7. Rb1 0-0 8. Nf3 c5 9. Be2 Qa5 10. 0-0 cxd4 11. cxd4 Qxa2 12. Bf4 b6 13. Re1 Ba6 14. Ra1 Bxe2 15. Rxe2 Qe6 16. h4 Rc8 17. Qd2 Qc4 18. Ra3 Nd7 19. h5 b5 20. hxg6 hxg6 21. e5 Nb6 22. Kh2 Nd5 23. Re1 Qc2 24. Rea1 Nxf4 25. Qxf4 Qxf2 26. Qg4 Rc7 27. Ng5 Qf5 28. Qh4 f6 29. Qh7+ Kf8 30. exf6 exf6 31. Nh3 Qh5 32. Qxh5 gxh5 33. Nf4 Rd7 34. Nxh5 Rxd4 35. Nxg7 Kxg7 36. Rxa7+ Rxa7 37. Rxa7+ Kg6 38. Rb7 Rb4 39. Kg3 Rb2 40. Kf4 Rb4+ 41. Kf3 Kf5 42. g4+ Ke6 43. Rb6+ Ke5 44. Ke3 Rb3+ 45. Kd2 b4 46. Kc2 Rc3+ 47. Kd2 Rc4 48. Rb5+ Ke6 49. g5 fxg5 50. Rxg5 Kd6 51. Kd3 Rc5 52. Rg4 Rc3+ 53. Kd4 Kc6 54. Rg5 Rc1 55. Kd3 b3 56. Rg2 Kc5 57. Rb2 Kb4 58. Kd2 Rc7 0-1